[Event "SR 3. liga A2 2012/2013"]
[Site "?"]
[Date "2013.03.10"]
[Round "10.6"]
[White "Darazs, Zoltan"]
[Black "Curidlo, Jan"]
[Result "1-0"]
[WhiteElo "2124"]
[BlackElo "1880"]
[PlyCount "73"]
[EventDate "2012.??.??"]

1. e4 c5 2. Nf3 d6 3. d4 cxd4 4. Nxd4 Nf6 5. Nc3 a6 6. Bg5 e6 7. f4 Be7 8. Qf3
Qc7 9. O-O-O Nbd7 10. g4 h6 11. Bxf6 Bxf6 12. h4 b5 13. Bxb5 Bxd4 14. Bxd7+
Bxd7 15. Rxd4 Rb8 16. Rhd1 Rb6 17. Qd3 Ke7 18. e5 d5 19. Rxd5 Rd8 20. Rd6 Rb4
21. f5 Rxg4 22. f6+ gxf6 23. exf6+ Ke8 24. Qh7 Kf8 25. Qxh6+ Kg8 26. Qd2 Rg6
27. h5 Rg4 28. Rxd7 Rxd7 29. Qxd7 Qf4+ 30. Qd2 Qxf6 31. Qd8+ Kg7 32. Qxf6+ Kxf6
33. Rh1 Kg7 34. h6+ Kh7 35. Kd2 Rg2+ 36. Ne2 f5 37. Rg1 1-0

[Event "SR 3. liga A2 2012/2013"]
[Site "?"]
[Date "2013.03.10"]
[Round "10.6"]
[White "Meszaros, Lorant"]
[Black "Gubis, Vladimir"]
[Result "1-0"]
[WhiteElo "2048"]
[BlackElo "1834"]
[PlyCount "58"]
[EventDate "2012.??.??"]

1. d4 d5 2. c4 e6 3. Nf3 Be7 4. g3 Nf6 5. Bg2 c6 6. b3 Nbd7 7. O-O O-O 8. Nc3
b6 9. Re1 Bb7 10. e4 dxe4 11. Nxe4 Nxe4 12. Rxe4 c5 13. Re2 Qc7 14. d5 Bf6 15.
Bf4 e5 16. Nxe5 Bxe5 17. Bxe5 Nxe5 18. d6 Qd7 19. Bxb7 Qxb7 20. Rxe5 Rad8 21.
Qd3 Rd7 22. Rae1 Qb8 23. Rd5 Rfd8 24. Re7 Qb7 25. Qe4 g6 26. Qe5 Qb8 27. h4 h5
28. g4 Rxe7 29. dxe7 Re8 1-0

[Event "SR 3. liga A2 2012/2013"]
[Site "?"]
[Date "2013.03.10"]
[Round "10.6"]
[White "Nedorost, Lubomir"]
[Black "Kalmar, Tamas"]
[Result "0-1"]
[WhiteElo "1687"]
[BlackElo "1920"]
[PlyCount "118"]
[EventDate "2012.??.??"]

1. e4 c6 2. Nc3 d5 3. f4 dxe4 4. Nxe4 Nf6 5. Ng3 g6 6. Nf3 Bg7 7. Bc4 O-O 8.
O-O Bg4 9. c3 Nbd7 10. d4 Nb6 11. Bb3 Qc7 12. Qc2 Bxf3 13. Rxf3 e6 14. Bd2 Rfd8
15. Re1 Rac8 16. Ne4 Nxe4 17. Qxe4 c5 18. Be3 cxd4 19. Bxd4 Bxd4+ 20. cxd4 Qc6
21. Qe5 Nd5 22. Rh3 Qd6 23. Rf1 Ne7 24. Rd1 Qxe5 25. dxe5 Rxd1+ 26. Bxd1 Nd5
27. Rd3 Nxf4 28. Rd7 Nd5 29. Kf2 Rc7 30. Rd8+ Kg7 31. Bb3 Ne7 32. Ba4 Nc6 33.
Bxc6 Rxc6 34. Rd2 Rc5 35. Re2 g5 36. g4 Kg6 37. Kg3 h5 38. h3 Rd5 39. Kf3 Rd3+
40. Re3 Rxe3+ 41. Kxe3 hxg4 42. hxg4 f5 43. Kf3 f4 44. Ke4 Kf7 45. b4 Ke7 46.
a4 Kd7 47. b5 Kc7 48. Kd4 Kb6 49. Kc4 Ka5 50. Kc5 f3 51. b6 axb6+ 52. Kd6 f2
53. Kxe6 f1=Q 54. Kd7 Qf4 55. e6 Qxg4 56. Ke7 Kxa4 57. Kf7 Qf5+ 58. Ke7 g4 59.
Kd6 Qxe6+ 0-1

[Event "SR 3. liga A2 2012/2013"]
[Site "?"]
[Date "2013.03.10"]
[Round "10.6"]
[White "Szitasi, Janos"]
[Black "Sedlak, Rastislav"]
[Result "1-0"]
[WhiteElo "1963"]
[BlackElo "1592"]
[PlyCount "57"]
[EventDate "2012.??.??"]

1. e4 e5 2. Nf3 Nc6 3. Bb5 a6 4. Ba4 Nf6 5. O-O Bc5 6. c3 b5 7. Bc2 h6 8. d4
exd4 9. cxd4 Bb6 10. a3 O-O 11. e5 Nd5 12. Nc3 Nxc3 13. bxc3 d6 14. Bf4 dxe5
15. Nxe5 Nxe5 16. Bxe5 Be6 17. Qd3 g6 18. Qg3 Qg5 19. Qxg5 hxg5 20. Rfe1 c5 21.
Bf6 cxd4 22. cxd4 Bd8 23. Be5 f5 24. Bd6 Re8 25. Rxe6 Rxe6 26. Bb3 Kf7 27. Re1
Be7 28. Bxe6+ Kf8 29. Bxe7+ 1-0

[Event "SR 3. liga A2 2012/2013"]
[Site "?"]
[Date "2013.03.10"]
[Round "10.6"]
[White "Divinec, Peter"]
[Black "Vegh, Vince"]
[Result "0-1"]
[WhiteElo "1234"]
[BlackElo "1932"]
[PlyCount "62"]
[EventDate "2012.??.??"]

1. e4 c5 2. f4 Nc6 3. Bb5 e6 4. Nf3 d5 5. exd5 exd5 6. Bxc6+ bxc6 7. Qe2+ Be7
8. O-O Nf6 9. Re1 Bg4 10. d3 Bxf3 11. Qxf3 O-O 12. Nc3 Re8 13. Bd2 Qc7 14. Re2
c4 15. dxc4 Qb6+ 16. Kh1 Qxb2 17. Rb1 Qxc2 18. cxd5 cxd5 19. Rc1 Qb2 20. Nxd5
Nxd5 21. Qxd5 Red8 22. Qe5 Qxe5 23. fxe5 Rxd2 24. Rxd2 Bg5 25. Rcd1 Bxd2 26.
Rxd2 a5 27. a4 Kf8 28. Rd7 Rc8 29. h3 Rc5 30. Rb7 Rxe5 31. Kg1 Re4 0-1

[Event "SR 3. liga A2 2012/2013"]
[Site "?"]
[Date "2013.03.24"]
[Round "11.1"]
[White "Bincik, Pavol"]
[Black "Spacek, Oliver"]
[Result "0-1"]
[WhiteElo "1937"]
[BlackElo "1977"]
[PlyCount "120"]
[EventDate "2012.??.??"]

1. d4 g6 2. c4 Bg7 3. Nc3 d6 4. e4 Nc6 5. Be3 e5 6. d5 Nce7 7. g4 c5 8. Nb5 Nf6
9. f3 O-O 10. h4 h5 11. g5 Ne8 12. Qd2 a6 13. Nc3 Bd7 14. Bd3 Qa5 15. Nge2 b5
16. cxb5 axb5 17. Nxb5 Bxb5 18. Qxa5 Rxa5 19. Bd2 Bxd3 20. Bxa5 f5 21. gxf6
Nxf6 22. Nc3 Nd7 23. Rh3 Nc8 24. Kd2 Ba6 25. Rg1 Kh7 26. Bc7 Bh6+ 27. Ke1 c4
28. Rhg3 Rg8 29. Na4 Bf4 30. Rh3 Be3 31. Rg2 Nc5 32. Nxc5 Bxc5 33. Ba5 Nb6 34.
Bc3 Nd7 35. Rhg3 Be3 36. Bb4 Nc5 37. Bxc5 Bxc5 38. Kd2 Bd4 39. Kc1 Be3+ 40. Kc2
c3 41. Kxc3 Bf4 42. b4 Bf1 43. a4 Bxg2 44. Rxg2 g5 45. Kd3 Ra8 46. hxg5 Rxa4
47. Kc4 Kg6 48. Kb5 Ra1 49. Kc6 Rb1 50. b5 h4 51. Rg4 h3 52. Rh4 h2 53. b6 Kxg5
54. Rh3 h1=Q 55. Rxh1 Rxh1 56. Kxd6 Rh7 57. Kc6 Be3 58. b7 Ba7 59. d6 Kf4 60.
d7 Rxd7 0-1

[Event "SR 3. liga A2 2012/2013"]
[Site "?"]
[Date "2013.03.24"]
[Round "11.1"]
[White "Spacek, Marcel"]
[Black "Mihalik, Anton"]
[Result "1/2-1/2"]
[WhiteElo "1846"]
[BlackElo "1953"]
[PlyCount "150"]
[EventDate "2012.??.??"]

1. d4 d5 2. c4 e6 3. Nf3 Nf6 4. g3 b6 5. Bg2 Bb7 6. Ne5 Be7 7. Qa4+ c6 8. O-O
O-O 9. Nd2 dxc4 10. Qxc4 Ba6 11. Nxc6 Bxc4 12. Nxd8 Bd5 13. e4 Rxd8 14. exd5
Nxd5 15. b3 Nc6 16. Nf3 Rac8 17. Bb2 Rc7 18. Rac1 Rdc8 19. Rfd1 Ncb4 20. Rxc7
Rxc7 21. a3 Rc2 22. Ba1 Na2 23. Ne1 Rc7 24. Bxd5 exd5 25. Bb2 Nc3 26. Rd3 Nb5
27. a4 Nd6 28. Re3 f6 29. Nd3 Nc8 30. Nf4 Rd7 31. Rc3 Rd8 32. Nxd5 Bd6 33. Nc7
Kf7 34. Nb5 Bb8 35. Kg2 Ne7 36. Kf3 a6 37. Nc7 Rxd4 38. Nxa6 Be5 39. Re3 Rd5
40. Ba3 Nf5 41. Re4 Rd3+ 42. Kg2 Rxb3 43. Bc1 Rb1 44. Bd2 Nd6 45. Rb4 Rxb4 46.
Nxb4 Nc4 47. Bc1 Ke6 48. Nd3 Bd4 49. f4 Kd5 50. Kf3 Nd6 51. Ba3 Bc5 52. Nxc5
bxc5 53. a5 Nb5 54. a6 c4 55. Bb4 f5 56. Ke3 Kc6 57. Ba5 Na7 58. Kd4 Kb5 59.
Bc3 g6 60. Kd5 Kxa6 61. Kxc4 Kb6 62. Kd5 Nb5 63. Bf6 Kc7 64. Ke6 Kc6 65. h4 Nd6
66. h5 gxh5 67. Bh4 Kc7 68. Bd8+ Kc6 69. Bh4 Kc7 70. Kf6 Kd7 71. Kg7 Ke6 72.
Kxh7 Ne4 73. Kg6 Nf2 74. Kxh5 Ng4 75. Kg6 Ne3 1/2-1/2

[Event "SR 3. liga A2 2012/2013"]
[Site "?"]
[Date "2013.03.24"]
[Round "11.1"]
[White "Nemsak, Denis"]
[Black "Diviak, Rudolf"]
[Result "1-0"]
[WhiteElo "1873"]
[BlackElo "1852"]
[PlyCount "65"]
[EventDate "2012.??.??"]

1. c4 g6 2. Nc3 Bg7 3. e4 d6 4. d4 Nf6 5. f4 O-O 6. Nf3 c5 7. d5 e6 8. Bd3 exd5
9. cxd5 a6 10. a4 Re8 11. O-O Nbd7 12. Re1 Qc7 13. Qe2 b6 14. Bd2 Bb7 15. Qf2
Re7 16. Rad1 Rae8 17. Bc2 Bc8 18. Qh4 Qb8 19. Bc1 b5 20. axb5 axb5 21. e5 b4
22. Ne4 Nxe4 23. Bxe4 dxe5 24. d6 Bf6 25. Ng5 Bxg5 26. Qxg5 Re6 27. f5 Rxd6 28.
fxg6 hxg6 29. Bd5 Nf6 30. Qxg6+ Kh8 31. Bxf7 Bg4 32. Rxd6 Qxd6 33. Qh6+ 1-0

[Event "SR 3. liga A2 2012/2013"]
[Site "?"]
[Date "2013.03.24"]
[Round "11.1"]
[White "Skapik, Branislav"]
[Black "Slaby, Jozef"]
[Result "1/2-1/2"]
[WhiteElo "1857"]
[BlackElo "1890"]
[PlyCount "104"]
[EventDate "2012.??.??"]

1. Nf3 d5 2. g3 Nf6 3. Bg2 c5 4. d3 Nc6 5. O-O e6 6. c4 Be7 7. Bf4 O-O 8. a3
Bd7 9. Ne5 Nd4 10. Nc3 Bc6 11. Nxc6 bxc6 12. Rb1 Qb6 13. b4 Qa6 14. e3 Nf5 15.
Qa4 Qxa4 16. Nxa4 cxb4 17. axb4 Nd7 18. e4 dxe4 19. Bxe4 Rac8 20. Bxf5 exf5 21.
Rfe1 Bf6 22. Bd6 Rfe8 23. Nc5 Rxe1+ 24. Rxe1 Nxc5 25. Bxc5 a6 26. Kf1 h5 27.
Re2 g5 28. Ra2 Ra8 29. b5 cxb5 30. cxb5 a5 31. d4 Bd8 32. b6 Rb8 33. Rxa5 Bxb6
34. Bxb6 Rxb6 35. Rxf5 f6 36. h4 gxh4 37. gxh4 Rd6 38. d5 Kg7 39. Rxh5 Kg6 40.
Rh8 Rxd5 41. Kg2 Rb5 42. Kg3 Rb3+ 43. f3 Ra3 44. Rg8+ Kh7 45. Rg4 Ra5 46. Kf4
Kh6 47. Rg8 Kh7 48. Re8 Kg6 49. Kg4 Ra4+ 50. f4 f5+ 51. Kf3 Ra3+ 52. Kf2 Kh5
1/2-1/2

[Event "SR 3. liga A2 2012/2013"]
[Site "?"]
[Date "2013.03.24"]
[Round "11.1"]
[White "Strapko, Tomas"]
[Black "Pericka, Pavol"]
[Result "1-0"]
[WhiteElo "1880"]
[BlackElo "1821"]
[PlyCount "97"]
[EventDate "2012.??.??"]

1. d4 d5 2. c4 e6 3. Nc3 c5 4. e3 Nf6 5. Nf3 cxd4 6. exd4 dxc4 7. Bxc4 Be7 8.
O-O O-O 9. Bf4 Nh5 10. Be3 Qc7 11. Bb3 a6 12. Rc1 Nc6 13. Qe2 Nf4 14. Bxf4 Qxf4
15. d5 Na5 16. Bc2 Bd6 17. Qe4 f5 18. Qxf4 Bxf4 19. Rce1 Rf6 20. Na4 exd5 21.
Re8+ Rf8 22. Rxf8+ Kxf8 23. Nb6 Rb8 24. Nxd5 Bd6 25. Nb6 g6 26. Re1 Bc5 27.
Nxc8 Rxc8 28. Re2 Nc4 29. g3 Nxb2 30. Bxf5 gxf5 31. Rxb2 b5 32. Rc2 Rc7 33. Nd4
Kf7 34. Nxf5 Bb6 35. Rxc7+ Bxc7 36. Kf1 b4 37. Ke2 a5 38. Kd3 Kf6 39. Ne3 Ke5
40. f4+ Ke6 41. Ke4 a4 42. Nc2 Bd6 43. g4 Ke7 44. Nd4 Kd7 45. h4 Bc5 46. g5
Bxd4 47. Kxd4 Ke6 48. h5 Kf5 49. Kc4 1-0

[Event "SR 3. liga A2 2012/2013"]
[Site "?"]
[Date "2013.03.24"]
[Round "11.1"]
[White "Sadlon, Juraj"]
[Black "Curidlo, Jan"]
[Result "0-1"]
[WhiteElo "1804"]
[BlackElo "1880"]
[PlyCount "136"]
[EventDate "2012.??.??"]

1. e4 c5 2. Nf3 d6 3. Bb5+ Bd7 4. Qe2 a6 5. Bxd7+ Nxd7 6. Nc3 e6 7. d3 Ngf6 8.
O-O Be7 9. Bg5 h6 10. Bh4 O-O 11. e5 Nd5 12. Bxe7 Nxc3 13. bxc3 Qxe7 14. exd6
Qxd6 15. Rab1 Rab8 16. Nd2 Qc7 17. c4 Ne5 18. Nb3 b6 19. Rb2 Rfd8 20. Re1 Ng6
21. Qh5 Qf4 22. g3 Qf6 23. Reb1 Qe7 24. Nxc5 b5 25. Nxa6 Ra8 26. cxb5 Rd5 27.
Qf3 Rad8 28. b6 Ne5 29. Qe2 Qb7 30. Nc7 Rc5 31. f4 Nf3+ 32. Kf2 Nxh2 33. Ke3 e5
34. Qxh2 exf4+ 35. gxf4 g6 36. Qh1 Qc8 37. Qf3 Qd7 38. Nb5 Rh5 39. Rg1 Rxb5 40.
Rxb5 Qxb5 41. Kf2 Qxb6+ 42. Qe3 Qf6 43. Qe4 Rd4 44. Qe3 Rxf4+ 45. Ke2 Rf5 46.
Rg4 Qc3 47. Qe8+ Kg7 48. Qa4 Qe5+ 49. Qe4 Qh2+ 50. Qg2 Qc7 51. Rc4 Re5+ 52. Kf2
Qb6+ 53. d4 Rf5+ 54. Ke3 Qe6+ 55. Kd3 Qf6 56. Rc6 Rf3+ 57. Ke2 Qxc6 58. Qxf3
Qxc2+ 59. Ke1 Qxa2 60. Qc3 Qd5 61. Kf2 h5 62. Kg3 g5 63. Kh3 Kg6 64. Kh2 g4 65.
Qc2+ f5 66. Qd2 h4 67. Qb2 g3+ 68. Kg1 h3 0-1

[Event "SR 3. liga A2 2012/2013"]
[Site "?"]
[Date "2013.03.24"]
[Round "11.1"]
[White "Gubis, Vladimir"]
[Black "Pipiska, Adam"]
[Result "1-0"]
[WhiteElo "1834"]
[BlackElo "1674"]
[PlyCount "49"]
[EventDate "2012.??.??"]

1. d4 d6 2. e4 g6 3. Be3 Bg7 4. c3 Nf6 5. f3 O-O 6. Bd3 Nbd7 7. Ne2 c5 8. Qd2
Re8 9. g4 e5 10. d5 a6 11. c4 Qc7 12. a4 Qb6 13. Ng3 Nf8 14. g5 N6d7 15. h4 Qb4
16. Nc3 Nb6 17. Qe2 Bd7 18. Bd2 Nc8 19. a5 Qxb2 20. O-O b5 21. Rfb1 Qxa1 22.
Rxa1 b4 23. Nd1 Rb8 24. h5 Ne7 25. Rb1 1-0

[Event "SR 3. liga A2 2012/2013"]
[Site "?"]
[Date "2013.03.24"]
[Round "11.1"]
[White "Sadlon, Matus"]
[Black "Sedlak, Rastislav"]
[Result "1-0"]
[WhiteElo "1596"]
[BlackElo "1592"]
[PlyCount "107"]
[EventDate "2012.??.??"]

1. e4 e5 2. Nf3 Nc6 3. Bb5 a6 4. Ba4 Nf6 5. d3 d6 6. c3 Bg4 7. Be3 Be7 8. Nbd2
O-O 9. Nf1 d5 10. Ng3 dxe4 11. dxe4 Qxd1+ 12. Bxd1 h6 13. h3 Be6 14. O-O Rfd8
15. Bc2 b5 16. Rfe1 Bd6 17. b3 Kf8 18. Kf1 Ne7 19. Rad1 c5 20. Rd2 Nc6 21. Red1
Ke7 22. Nh4 g6 23. Bxh6 c4 24. Bg5 Bc5 25. Rxd8 Rxd8 26. Rxd8 Nxd8 27. b4 Bb6
28. Ke2 Nc6 29. Nf3 Bd8 30. a4 Kd6 31. Nd2 Nd7 32. Bxd8 Nxd8 33. Nb1 Nb6 34.
axb5 axb5 35. Ke3 Bd7 36. Ne2 Ne6 37. h4 f6 38. f4 Ng7 39. Kf3 f5 40. fxe5+
Kxe5 41. Nd4 f4 42. Na3 Ne6 43. Nxe6 Kxe6 44. Kxf4 Na4 45. Bxa4 bxa4 46. Nxc4
Bc6 47. g4 Bb5 48. Na3 Bd3 49. c4 Kd6 50. h5 g5+ 51. Kf5 Kc6 52. h6 Bxc4 53. h7
Bd3 54. h8=Q 1-0

[Event "SR 3. liga A2 2012/2013"]
[Site "?"]
[Date "2013.03.24"]
[Round "11.2"]
[White "Kovacocy, Pavel"]
[Black "Takacs, Laszlo"]
[Result "0-1"]
[WhiteElo "2221"]
[BlackElo "2134"]
[PlyCount "132"]
[EventDate "2012.??.??"]

1. e4 c5 2. d3 d5 3. Nd2 Nc6 4. g3 e5 5. Bg2 Nf6 6. Ngf3 dxe4 7. dxe4 Be6 8.
O-O g6 9. Qe2 Qc7 10. c3 h6 11. h3 Bg7 12. Kh2 O-O 13. Nh4 b6 14. Nc4 Nh5 15.
Ne3 Nf4 16. gxf4 exf4 17. Kh1 fxe3 18. Bxe3 Ne5 19. b3 Qe7 20. Nf3 Nxf3 21.
Qxf3 Qh4 22. Qg3 Qxg3 23. fxg3 Bxc3 24. Bxh6 Bxa1 25. Bxf8 Be5 26. Be7 Kg7 27.
Bg5 Rh8 28. Kh2 f6 29. Bf4 Bd4 30. Rd1 g5 31. Bc1 Be5 32. Bf1 Kf7 33. Rd3 Ke7
34. Bd2 Bxh3 35. Bxh3 g4 36. b4 Rxh3+ 37. Kg2 c4 38. Re3 b5 39. Be1 Kd6 40. Ra3
Bd4 41. Ra5 Kc6 42. a4 Rh5 43. Ra6+ Kb7 44. Rd6 Bb2 45. axb5 Rxb5 46. Rd7+ Kc6
47. Rxa7 c3 48. Ra6+ Rb6 49. Rxb6+ Kxb6 50. Bf2+ Kb5 51. Bd4 Kxb4 52. Bxf6 Kb3
53. Kf2 c2 54. Bg5 Bd4+ 55. Ke2 Kb2 56. Kd3 Be5 57. Bd2 Bxg3 58. e5 Bxe5 59.
Ke4 g3 60. Kf3 c1=Q 61. Bxc1+ Kxc1 62. Ke2 Kc2 63. Ke3 Kd1 64. Kf3 Ke1 65. Kg2
Ke2 66. Kh1 Kf3 0-1

[Event "SR 3. liga A2 2012/2013"]
[Site "?"]
[Date "2013.03.24"]
[Round "11.2"]
[White "Marosi, Csaba"]
[Black "Liptak, Tomas"]
[Result "1-0"]
[WhiteElo "1949"]
[BlackElo "2082"]
[PlyCount "103"]
[EventDate "2012.??.??"]

1. e4 c5 2. Nf3 d6 3. d4 cxd4 4. Qxd4 Nc6 5. Bb5 Bd7 6. Bxc6 bxc6 7. c4 e5 8.
Qd3 Qc7 9. Nc3 Be7 10. O-O h6 11. b4 Nf6 12. a4 O-O 13. Be3 Rfd8 14. Rfe1 Bg4
15. Nd2 a6 16. f3 Be6 17. Qe2 Qb7 18. b5 cxb5 19. axb5 axb5 20. cxb5 Rdc8 21.
Qd3 Nd7 22. Ne2 Nc5 23. Bxc5 Rxa1 24. Rxa1 Rxc5 25. Rb1 d5 26. b6 Rc6 27. exd5
Bxd5 28. Nc3 Be6 29. Na4 Bc5+ 30. Nxc5 Rxc5 31. Ne4 Rc6 32. Qd8+ Kh7 33. Nd6
Rxd6 34. Qxd6 e4 35. fxe4 Qxe4 36. Rd1 g6 37. Qd4 Qc6 38. Qb2 Bd5 39. b7 Qxb7
40. Qxb7 Bxb7 41. Rd7 Be4 42. Rxf7+ Kg8 43. Re7 Bd5 44. Kf2 Bf7 45. Ke3 Kg7 46.
Kf4 Kf6 47. Ra7 h5 48. Ra6+ Be6 49. h4 Kf7 50. Kg5 Bf5 51. Rf6+ Kg7 52. Rxf5
1-0

[Event "SR 3. liga A2 2012/2013"]
[Site "?"]
[Date "2013.03.24"]
[Round "11.2"]
[White "Liptak, Dusan"]
[Black "Meszaros, Lorant"]
[Result "1-0"]
[WhiteElo "2060"]
[BlackElo "2048"]
[PlyCount "97"]
[EventDate "2012.??.??"]

1. Nf3 f5 2. d4 Nf6 3. c4 g6 4. Nc3 Bg7 5. g3 O-O 6. Bg2 d6 7. O-O Nc6 8. d5
Na5 9. Qa4 c5 10. dxc6 Nxc6 11. Nd4 Bd7 12. Nxc6 Bxc6 13. Bxc6 bxc6 14. Qxc6
Qd7 15. Qxd7 Nxd7 16. Nd5 Kf7 17. Rb1 Rfc8 18. b3 Rab8 19. Bd2 e6 20. Ne3 g5
21. Ng2 Bf6 22. Rfd1 e5 23. Ne3 Ke6 24. Nd5 Bd8 25. Bb4 Rc6 26. Rbc1 h5 27. h3
f4 28. Kg2 Ra6 29. Rc2 Nb6 30. Bxd6 Rc8 31. Nb4 Ra5 32. c5 Nd7 33. c6 Nb6 34.
c7 Bf6 35. Rc6 Kf5 36. Bc5 Rxc5 37. Rxc5 Be7 38. g4+ hxg4 39. hxg4+ Kxg4 40.
Rxe5 Bxb4 41. Rh1 f3+ 42. exf3+ Kf4 43. Re4+ Kf5 44. Rxb4 Rxc7 45. Rb5+ Kg6 46.
Re1 Nd7 47. Re6+ Nf6 48. Ra5 Kf7 49. Rea6 1-0

[Event "SR 3. liga A2 2012/2013"]
[Site "?"]
[Date "2013.03.24"]
[Round "11.2"]
[White "Kalmar, Tamas"]
[Black "Sarmir, Milos"]
[Result "1-0"]
[WhiteElo "1920"]
[BlackElo "2067"]
[PlyCount "95"]
[EventDate "2012.??.??"]

1. d4 Nf6 2. c4 e5 3. dxe5 Ng4 4. Nf3 Nc6 5. e3 Ngxe5 6. Be2 Bb4+ 7. Bd2 Qe7 8.
O-O Nxf3+ 9. Bxf3 Ne5 10. Be2 Bxd2 11. Nxd2 O-O 12. Nf3 d6 13. Qd4 Bg4 14. Qe4
c6 15. Qd4 Bxf3 16. gxf3 f5 17. f4 Nd7 18. Rad1 Rf6 19. Kh1 Rh6 20. Rg1 Nf8 21.
Rg2 a6 22. Rdg1 Ne6 23. Qc3 Rf8 24. Bf3 Rf7 25. b4 Nf8 26. b5 axb5 27. cxb5 d5
28. a4 Kh8 29. a5 Qh4 30. a6 Qh3 31. Be2 bxa6 32. bxa6 Qh4 33. Rb1 Rg6 34. Rb7
Rxg2 35. Kxg2 Rf6 36. Kf1 Qxh2 37. Ke1 d4 38. Qxd4 c5 39. Qxc5 h5 40. Rb8 Qh1+
41. Kd2 Kh7 42. Rxf8 Rxf8 43. Qxf8 Qd5+ 44. Ke1 Qh1+ 45. Bf1 Qd5 46. Qa3 Qe4
47. Bd3 Qh1+ 48. Ke2 1-0

[Event "SR 3. liga A2 2012/2013"]
[Site "?"]
[Date "2013.03.24"]
[Round "11.2"]
[White "Markuliak, Mario"]
[Black "Szitasi, Janos"]
[Result "1/2-1/2"]
[WhiteElo "1808"]
[BlackElo "1963"]
[PlyCount "89"]
[EventDate "2012.??.??"]

1. c4 c5 2. Nf3 Nc6 3. d4 cxd4 4. Nxd4 Nf6 5. Nc3 g6 6. e4 d6 7. Be3 Bg7 8. Be2
O-O 9. O-O Bd7 10. Nb3 Be6 11. Rc1 Na5 12. Nd2 Rc8 13. b3 Nc6 14. f4 Qa5 15.
Na4 Nd7 16. Nf3 Nc5 17. Nxc5 dxc5 18. e5 Rfd8 19. Qc2 Bf5 20. Qb2 f6 21. Bd2
Qb6 22. Bc3 Nd4 23. Rfd1 Nxe2+ 24. Qxe2 Rxd1+ 25. Rxd1 Rd8 26. Kf2 Qc7 27. h3
Rxd1 28. Qxd1 Qd7 29. Qxd7 Bxd7 30. g4 Kf7 31. exf6 exf6 32. Nd2 Bc6 33. Ke3
Bf8 34. Ne4 Be7 35. a3 Ke6 36. b4 b6 37. b5 Bb7 38. a4 Bxe4 39. Kxe4 f5+ 40.
Ke3 Bf6 41. Bd2 h6 42. gxf5+ gxf5 43. a5 Kd6 44. a6 Ke6 45. Kf3 1/2-1/2

[Event "SR 3. liga A2 2012/2013"]
[Site "?"]
[Date "2013.03.24"]
[Round "11.2"]
[White "Vegh, Vince"]
[Black "Vlkovic, Pavol"]
[Result "1-0"]
[WhiteElo "1932"]
[BlackElo "1801"]
[PlyCount "85"]
[EventDate "2012.??.??"]

1. e4 Nf6 2. e5 Nd5 3. c4 Nb6 4. d4 d6 5. f4 dxe5 6. fxe5 Bf5 7. Be3 e6 8. Nc3
Nc6 9. Nf3 Bb4 10. Bd3 Bg4 11. a3 Bxf3 12. Qxf3 Bxc3+ 13. bxc3 Nxe5 14. Qe2
Nxd3+ 15. Qxd3 O-O 16. O-O Nc8 17. Rf3 Ne7 18. Raf1 Ng6 19. Bc1 Qe7 20. Qc2
Rad8 21. a4 b6 22. a5 Qd6 23. Qa4 Qd7 24. Qa2 f6 25. axb6 axb6 26. c5 bxc5 27.
Ba3 Ra8 28. Re1 cxd4 29. cxd4 Qxd4+ 30. Kh1 Rfe8 31. Qc2 Ne5 32. Rh3 h6 33. Bb2
Qc4 34. Rc3 Qa4 35. Qe2 Qg4 36. Qc2 Qb4 37. Rc1 c6 38. Rb3 Qf4 39. h3 Ra6 40.
Rb7 Rd8 41. Bxe5 Qxe5 42. Qg6 Qg5 43. Rxg7+ 1-0

[Event "SR 3. liga A2 2012/2013"]
[Site "?"]
[Date "2013.03.24"]
[Round "11.2"]
[White "Hornak, Pavol"]
[Black "Kalman, Miklos"]
[Result "1-0"]
[WhiteElo "1753"]
[BlackElo "1822"]
[PlyCount "53"]
[EventDate "2012.??.??"]

1. d4 d5 2. c4 Nf6 3. Nf3 Nc6 4. cxd5 Qxd5 5. Nc3 Qd8 6. d5 Nb8 7. e4 a6 8. Bc4
b5 9. Bb3 c5 10. e5 c4 11. Bxc4 bxc4 12. exf6 exf6 13. Qa4+ Bd7 14. Qxc4 Bd6
15. O-O O-O 16. Bf4 Bxf4 17. Qxf4 Bc8 18. Rfd1 Nd7 19. Rac1 Re8 20. h3 Bb7 21.
Nd4 Ne5 22. Nf5 g6 23. Ne3 Kg7 24. d6 Rc8 25. Ng4 Nxg4 26. d7 Nxf2 27. dxc8=Q
1-0

[Event "SR 3. liga A2 2012/2013"]
[Site "?"]
[Date "2013.03.24"]
[Round "11.2"]
[White "Both, Lajos"]
[Black "Stefik, Miroslav"]
[Result "1/2-1/2"]
[WhiteElo "1820"]
[BlackElo "1543"]
[PlyCount "70"]
[EventDate "2012.??.??"]

1. e4 e5 2. Nc3 Nf6 3. Bc4 Bc5 4. Nf3 Nc6 5. d3 h6 6. a3 a6 7. O-O d6 8. h3 Bd7
9. Be3 Nd4 10. Bxd4 exd4 11. Ne2 O-O 12. Nfxd4 Bxd4 13. Nxd4 c5 14. Ne2 Qc8 15.
Nf4 Kh7 16. Kh2 Qc7 17. Nd5 Nxd5 18. Bxd5 f5 19. f4 fxe4 20. Bxe4+ Bf5 21.
Bxf5+ Rxf5 22. Qd2 Raf8 23. Kg1 d5 24. Rae1 Rxf4 25. Rxf4 Rxf4 26. Qe3 c4 27.
g3 Rf6 28. dxc4 dxc4 29. Re2 Rg6 30. Kg2 h5 31. c3 Qc6+ 32. Qe4 Qd6 33. Qe3
Qc6+ 34. Qf3 Qd6 35. Qe3 Qc6+ 1/2-1/2

[Event "SR 3. liga A2 2012/2013"]
[Site "?"]
[Date "2013.03.24"]
[Round "11.3"]
[White "Horak, Ivan"]
[Black "Svoboda, Adam"]
[Result "1-0"]
[WhiteElo "2094"]
[BlackElo "1958"]
[PlyCount "125"]
[EventDate "2012.??.??"]

1. e4 e6 2. d4 d5 3. Nd2 c5 4. exd5 exd5 5. Ngf3 Nf6 6. Bb5+ Bd7 7. Bxd7+ Nbxd7
8. O-O Be7 9. Re1 O-O 10. c3 Bd6 11. dxc5 Nxc5 12. Nb3 Qd7 13. Nxc5 Bxc5 14.
Be3 Qb5 15. Bxc5 Qxc5 16. Qd4 Qxd4 17. Nxd4 Rfe8 18. Rxe8+ Rxe8 19. Rd1 a6 20.
Kf1 g6 21. Nc2 Kf8 22. Ne3 Re5 23. Rd4 Re4 24. Rd3 Ra4 25. a3 Ra5 26. g4 h6 27.
Rd4 Ke7 28. f3 Ke6 29. Ke2 Rc5 30. Kd3 Rc7 31. Rb4 b5 32. a4 Rc5 33. Kd4 Kd6
34. Kd3 Nd7 35. Rf4 f6 36. b4 Rc6 37. a5 Ke6 38. Nc2 Rc4 39. Rxc4 dxc4+ 40. Ke4
Ne5 41. Nd4+ Kd6 42. h4 Nc6 43. Nxc6 Kxc6 44. h5 f5+ 45. Ke5 fxg4 46. fxg4 gxh5
47. gxh5 Kc7 48. Kf6 Kd6 49. Kg6 Ke5 50. Kxh6 Ke4 51. Kg6 Kd3 52. h6 Kxc3 53.
h7 Kxb4 54. h8=Q c3 55. Qc8 Kb3 56. Qxa6 b4 57. Qc6 Kb2 58. a6 b3 59. a7 c2 60.
a8=Q c1=Q 61. Qh8+ Kb1 62. Qxc1+ Kxc1 63. Qc3+ 1-0

[Event "SR 3. liga A2 2012/2013"]
[Site "?"]
[Date "2013.03.24"]
[Round "11.3"]
[White "Puskar, Peter"]
[Black "Sefcik, Marek"]
[Result "1-0"]
[WhiteElo "2004"]
[BlackElo "2021"]
[PlyCount "78"]
[EventDate "2012.??.??"]

1. d4 e6 2. c4 b6 3. e4 Bb7 4. Nc3 Bb4 5. Bd3 f5 6. Qe2 Nf6 7. d5 fxe4 8. Bxe4
Nxe4 9. Qxe4 O-O 10. Be3 Bxc3+ 11. bxc3 Qf6 12. Ne2 Na6 13. Rd1 Rae8 14. Qg4
Qf7 15. O-O exd5 16. Nf4 Re4 17. cxd5 Rxf4 18. Bxf4 Qxf4 19. Qxd7 Qd6 20. Qh3
Bc8 21. Qe3 Bd7 22. Rd4 Nc5 23. f4 Re8 24. Qf3 Qe7 25. h3 Bb5 26. c4 Qf6 27.
Qf2 Re2 28. Qxe2 Qxd4+ 29. Rf2 Qxc4 30. Qe7 Qxd5 31. Qxc7 Ne4 32. Qb8+ Kf7 33.
Rf3 Qd7 34. Ra3 a6 35. Qxb6 Qd1+ 36. Kh2 Qd6 37. Qb7+ Kf8 38. Rf3 Nf6 39. Rg3
g6 1-0

[Event "SR 3. liga A2 2012/2013"]
[Site "?"]
[Date "2013.03.24"]
[Round "11.3"]
[White "Kovarik, Oto"]
[Black "Lukacovic, Miroslav"]
[Result "0-1"]
[WhiteElo "1979"]
[BlackElo "1997"]
[PlyCount "76"]
[EventDate "2012.??.??"]

1. e4 e6 2. d4 d5 3. Nd2 dxe4 4. Nxe4 Nd7 5. Nf3 Ngf6 6. Nxf6+ Nxf6 7. Bd3 Be7
8. O-O O-O 9. c3 b6 10. Ne5 Bb7 11. Be3 c5 12. f4 Nd5 13. Bd2 cxd4 14. cxd4 Nf6
15. Bc3 Qd5 16. Qe2 g6 17. a3 a6 18. Rae1 b5 19. h3 Rac8 20. Rc1 Bd8 21. Rfd1
Nh5 22. Rf1 Ng3 23. Qf2 Nxf1 24. Bxf1 Bb6 25. Rd1 Rfd8 26. Be2 Qb3 27. Qf1 Rxc3
28. bxc3 Qxc3 29. Rd3 Bxd4+ 30. Kh2 Qc7 31. Qd1 Bb6 32. Nd7 Qxf4+ 33. Kh1 Bc7
34. Kg1 Qh2+ 35. Kf2 Qxg2+ 36. Ke3 Qxh3+ 37. Kf2 Qg2+ 38. Ke1 Ba5+ 0-1

[Event "SR 3. liga A2 2012/2013"]
[Site "?"]
[Date "2013.03.24"]
[Round "11.3"]
[White "Halas, Miroslav"]
[Black "Holiencin, Filip"]
[Result "1/2-1/2"]
[WhiteElo "1923"]
[BlackElo "1680"]
[PlyCount "80"]
[EventDate "2012.??.??"]

1. e4 c5 2. Nf3 d6 3. d4 cxd4 4. Nxd4 Nf6 5. Nc3 a6 6. Be2 e5 7. Nf3 Be6 8. Bg5
Nbd7 9. Qd2 Be7 10. Rd1 b5 11. O-O h6 12. Bxf6 Nxf6 13. a4 b4 14. Nd5 Bxd5 15.
exd5 Qb6 16. c3 bxc3 17. bxc3 Ne4 18. Qc2 Nc5 19. Rb1 Qa7 20. Nd2 O-O 21. Ne4
Nxe4 22. Qxe4 Bd8 23. Qb4 Bc7 24. Qb7 Rfb8 25. Qc6 a5 26. Bd3 Rxb1 27. Rxb1 Rb8
28. Rxb8+ Qxb8 29. Qd7 Qd8 30. Qxd8+ Bxd8 31. Kf1 Kf8 32. Ke2 Bg5 33. Bf5 Ke7
34. Kd3 Kd8 35. g3 Kc7 36. Kc4 Bd2 37. Kd3 Be1 38. f3 Kd8 39. f4 exf4 40. gxf4
Ke7 1/2-1/2